000 00843nam a22002657i 4500
003 EG-ScBUE
005 20250812094337.0
008 130207s2013 ii a f b 001 0 eng d
020 _a9382220466
020 _a9789382220466
040 _aEG-ScBUE
_beng
_erda
_cEG-ScBUE
_dEG-ScBUE
082 0 4 _222
_a544.6
_bCAR
100 1 _aCarlton, Rob,
_932486
_eauthor.
245 1 0 _aRecent advances in applied spectroscopy /
_cRob Carlton.
264 1 _aNew Delhi :
_bRandom Exports,
_c2013.
300 _aviii, 328 pages :
_billustrations ;
_c25 cm
336 _2rdacontent
_atext
_btxt
337 _aunmediated
_2rdamedia
_bn
338 _avolume
_bnc
_2rdacarrier
504 _aIncludes bibliographical references and index.
650 7 _aSpectrum analysis.
_932487
_2BUEsh
653 _cFebruary2013
655 _vReading book
942 _2ddc
_cBB
999 _c17257
_d17229